| 000 | 00000nas 2200000za 4500 |
| 001 | 9.509298 |
| 003 | CaOODSP |
| 005 | 20250129103330 |
| 007 | ta |
| 008 | 150406c1991||||xxc|| m #||||f| |0eng|d |
| 022 | |a0835-3980 |
| 040 | |aCaOODSP|beng |
| 041 | |aeng |
| 041 | |afre |
| 043 | |an-cn--- |
| 086 | 1 |aEn57-27 |
| 110 | 2 |aMeteorological Service of Canada. |
| 245 | 10|aClimate change digest |
| 260 | |aDownsview - Ontario : |bEnvironment Canada. |
| 500 | |aIssued also in electronic format. |
| 546 | |aBilingual |
| 563 | |aSoftcover |
| 776 | 0#|tClimate change digest / |w(CaOODSP)9.911208 |
| 785 | 00|tClimate change digest |w(CaOODSP)9.514596 |
| 792 | |tSommaire du changement climatique |efre|w(CaOODSP)9.509299 |